<?xml version="1.0" encoding="UTF-8"?>
<record
    xmlns:xsi="http://www.w3.org/2001/XMLSchema-instance"
    xsi:schemaLocation="http://www.loc.gov/MARC21/slim http://www.loc.gov/standards/marcxml/schema/MARC21slim.xsd"
    xmlns="http://www.loc.gov/MARC21/slim">

  <leader>01531aam a2200349 a 4500</leader>
  <datafield tag="999" ind1=" " ind2=" ">
    <subfield code="c">7593</subfield>
    <subfield code="d">7593</subfield>
  </datafield>
  <controlfield tag="001">991016710189706706</controlfield>
  <controlfield tag="003">OSt</controlfield>
  <controlfield tag="005">20211222132733.0</controlfield>
  <controlfield tag="008">150525s2015    spca|||  |||||0|| 0 cat|c</controlfield>
  <datafield tag="017" ind1=" " ind2=" ">
    <subfield code="a">DL ME 212-2015</subfield>
    <subfield code="b">Oficina DL Menorca</subfield>
  </datafield>
  <datafield tag="020" ind1=" " ind2=" ">
    <subfield code="a">9788484786535</subfield>
  </datafield>
  <datafield tag="035" ind1=" " ind2=" ">
    <subfield code="a">(ES-BaCBU).b63381497</subfield>
  </datafield>
  <datafield tag="035" ind1=" " ind2=" ">
    <subfield code="a">(OCoLC)1286265368</subfield>
  </datafield>
  <datafield tag="040" ind1=" " ind2=" ">
    <subfield code="a">ES-BaCBU</subfield>
    <subfield code="b">cat</subfield>
    <subfield code="c">ES-BaCBU</subfield>
    <subfield code="d">CDMR</subfield>
  </datafield>
  <datafield tag="041" ind1="0" ind2=" ">
    <subfield code="a">cat</subfield>
    <subfield code="a">spa</subfield>
    <subfield code="a">eng</subfield>
  </datafield>
  <datafield tag="043" ind1=" " ind2=" ">
    <subfield code="a">e-sp---</subfield>
    <subfield code="b">e-spc--</subfield>
    <subfield code="2">catmarc</subfield>
  </datafield>
  <datafield tag="080" ind1=" " ind2=" ">
    <subfield code="a">77.044</subfield>
    <subfield code="x">(460.23)</subfield>
    <subfield code="2">2004</subfield>
  </datafield>
  <datafield tag="080" ind1=" " ind2=" ">
    <subfield code="a">913</subfield>
    <subfield code="x">(460.23)</subfield>
    <subfield code="x">(084.12)</subfield>
    <subfield code="2">2004</subfield>
  </datafield>
  <datafield tag="245" ind1="0" ind2="0">
    <subfield code="a">1 dia, 1 foto :</subfield>
    <subfield code="b">31 fot&#xF2;grafs, 365 dies : Catalunya 2014 /</subfield>
    <subfield code="c">[amb textos de: Laura Terr&#xE9; ... [et al.]]</subfield>
  </datafield>
  <datafield tag="246" ind1="3" ind2=" ">
    <subfield code="a">Un dia, una foto</subfield>
  </datafield>
  <datafield tag="260" ind1=" " ind2=" ">
    <subfield code="a">[Sant Llu&#xED;s, Menorca] :</subfield>
    <subfield code="b">Triangle Books,</subfield>
    <subfield code="c">2015</subfield>
  </datafield>
  <datafield tag="300" ind1=" " ind2=" ">
    <subfield code="a">383 p. :</subfield>
    <subfield code="b">il. col. ;</subfield>
    <subfield code="c">25 x 30 cm</subfield>
  </datafield>
  <datafield tag="500" ind1=" " ind2=" ">
    <subfield code="a">Publicat amb motiu de l'exposici&#xF3; celebrada a Arts Santa M&#xF2;nica, Barcelona, de l'1 de gener al 12 d'abril de 2015</subfield>
  </datafield>
  <datafield tag="505" ind1="8" ind2=" ">
    <subfield code="a">Cont&#xE9;: Jordi Cotrina, Joan Guerrero, Santi Cogolludo, Francesc Melcion, Susanna S&#xE1;ez, Quique Garc&#xED;a, &#xC0;lex Garcia, Danny Caminal, Ana Jim&#xE9;nez, Laura Guerrero, David Airob, Albert Masias, Marcel&#xB7;l&#xED; S&#xE0;enz, Cristina Calderer, Pere Toredera, Toni Albir, Julio Carb&#xF3;, etc.</subfield>
  </datafield>
  <datafield tag="546" ind1=" " ind2=" ">
    <subfield code="a">Textos en catal&#xE0;, castell&#xE0; i angl&#xE8;s</subfield>
  </datafield>
  <datafield tag="650" ind1=" " ind2="0">
    <subfield code="a">Fotoperiodisme</subfield>
    <subfield code="z">Catalunya</subfield>
    <subfield code="x">Exposicions</subfield>
    <subfield code="9">3679</subfield>
  </datafield>
  <datafield tag="700" ind1="1" ind2=" ">
    <subfield code="a">Terr&#xE9;, Laura</subfield>
  </datafield>
  <datafield tag="907" ind1=" " ind2=" ">
    <subfield code="a">.b63381497</subfield>
    <subfield code="b">18-02-21</subfield>
    <subfield code="c">25-05-15</subfield>
    <subfield code="d">01-04-19</subfield>
    <subfield code="e">m</subfield>
    <subfield code="f">a</subfield>
    <subfield code="g">-</subfield>
    <subfield code="h">cat</subfield>
    <subfield code="i">spc</subfield>
    <subfield code="j">0</subfield>
    <subfield code="k">2</subfield>
  </datafield>
  <datafield tag="908" ind1=" " ind2=" ">
    <subfield code="a">MNAC</subfield>
    <subfield code="a">BC</subfield>
    <subfield code="a">MACBA</subfield>
  </datafield>
  <datafield tag="940" ind1=" " ind2=" ">
    <subfield code="a">BC</subfield>
  </datafield>
  <datafield tag="942" ind1=" " ind2=" ">
    <subfield code="2">udc</subfield>
    <subfield code="c">MON</subfield>
  </datafield>
  <datafield tag="952" ind1=" " ind2=" ">
    <subfield code="0">0</subfield>
    <subfield code="1">0</subfield>
    <subfield code="4">0</subfield>
    <subfield code="7">0</subfield>
    <subfield code="a">CDMR</subfield>
    <subfield code="b">CDMR</subfield>
    <subfield code="d">2021-12-22</subfield>
    <subfield code="e">Donaci&#xF3;</subfield>
    <subfield code="g">29.50</subfield>
    <subfield code="l">0</subfield>
    <subfield code="o">Fa 6/20</subfield>
    <subfield code="p">CDMR21120123</subfield>
    <subfield code="r">2021-12-22</subfield>
    <subfield code="w">2021-12-22</subfield>
    <subfield code="y">MON</subfield>
  </datafield>
</record>
